| 000 | 00744nam a22001577a 4500 | ||
|---|---|---|---|
| 003 | LRUA | ||
| 005 | 20200429143900.0 | ||
| 008 | 200429b xxu||||| |||| 00| 0 eng d | ||
| 040 | _cRUA | ||
| 082 | _aAGR PRO 2017 B663 Or.1 | ||
| 100 |
_914245 _aPRUM PHATYUTH ព្រុំ ផាត់យុទ្ធ |
||
| 245 | _aeffect of different solution rates on growth of chines cabbage ( Brassica pekinensis) by hydroponice ឥទ្ធិពលនៃកម្រិតទឹកសូលុយស្យុងខុសគ្នាលើការលូតលាស់ដំណាំស្ពៃក្រញញ់ ដាំតាមបច្ចេកទេស | ||
| 260 |
_aRUA _bPhnom penh _c2017 |
||
| 300 |
_aix22p _bill; _c29cm |
||
| 942 |
_2ddc _cRUB |
||
| 999 |
_c19175 _d19175 |
||